Baby Names starting with NA- Quiz Stats

 Plays Quiz not verified by Sporcle

Score 0/50 Timer 10:00
3 Plays Today
Hint Answer % Correct
1895Nat
98.1%
1895Nathan
96.6%
1925Nathan
96.6%
1955Nathan
96.6%
1985Nathan
96.6%
2015Nathan
96.6%
1895Nan
93.9%
1925Nan
93.9%
1955Nan
93.9%
1895Natalie
91.5%
1925Natalie
91.5%
1925Nathalie
91.5%
1955Natalie
91.5%
1985Natalie
91.5%
2015Natalie
91.5%
1895Nathaniel
90.5%
1925Nathaniel
90.5%
1955Nathaniel
90.5%
1985Nathaniel
90.5%
1985Nathanael
90.5%
1985Nathanial
90.5%
2015Nathaniel
90.5%
2015Nathanael
90.5%
1895Nancy
80.2%
1925Nancy
80.1%
Hint Answer % Correct
1955Nancy
80.1%
1955Nanci
80.1%
1985Nancy
80.1%
1985Natalia
74.7%
2015Natalia
74.7%
1895Nadine
71.6%
1925Nadine
71.6%
1955Nadine
71.6%
1985Nadia
64.3%
2015Nadia
64.3%
1985Natasha
62.8%
1895Naomi
61.2%
1925Naomi
61.2%
1955Naomi
61.2%
1985Naomi
61.2%
2015Naomi
61.2%
1955Nanette
45.1%
1895Nannie
43.6%
1925Nannie
43.6%
2015Nash
35.8%
1895Napoleon
11.3%
1925Napoleon
11.3%
1955Napoleon
11.3%
2015Nasir
8.2%
2015Nayeli
6.2%

You're not logged in!

Compare scores with friends on all Sporcle quizzes.
OR
Log In

Show Comments

Extras

Top Quizzes Today


Score Distribution

Your Account Isn't Verified!

In order to create a playlist on Sporcle, you need to verify the email address you used during registration. Go to your Sporcle Settings to finish the process.

Report this User

Report this user for behavior that violates our Community Guidelines.

Details: